000
00354nam a2200169Ia 4500
100
_a
Thomsen/Jon J
650
_a
Vibrations
250
_a
2
942
_c
BK
366
_f
20
654
_a
vibrations
245
_a
Vibrations and stability
260
_b
Springer
_a
New Delhi
_c
2003
082
_a
620.3/THO
_b
THO
300
_a
404
546
_a
ENGLISH
999
_c
24236
_d
24236